00776nam a2200205 i 450000100060000000300090000600500170001500700030003200800410003524501230007626000390019930000220023849000370026070000220029770000350031983000450035485200320039999900170043195201220044849908ES-MaACL20230906162101.0t|030725s1969 sp ||||1| spa d00a¿Creer en Dios hoy? b: 7 respuestas cristianas / cM. Didier ... [et al.] ; [traducción de Guillermo Gutiérrez]. aSantander : bSal Terrae, c[1969] a194 p. ; c22 cm.1 aTeología y mundo actual ; v171 aDidier, M.9445181 aGutiérrez, Guillermo.9610540 aTeología y mundo actual ; v179182301 aES-MaACLjC-48471 bR.72468 c49908d49908 00104070aATENEOMbATENEOMcDEPO2d2008-01-17eSCl0oC-48471p1052505r2023-02-23 00:00:00w2023-02-23yMONOGRAFIA